000
00334nam a2200133Ia 4500
008
240624s9999 xx 000 0 und d
041
_a
eng
082
_a
891.46 BAN
100
_a
BANDE MRINALINI ASHOK
245
_a
MARATHI SHOKATM KADAMBARI
260
_c
2007
_a
Nagpur
_b
Veesa Books
300
_a
160 : p. : cm. ; 21
365
_c
RS
_b
20
999
_c
6913
_d
6913